000 00356pab a2200157 454500
008 180718b2000 xxu||||| |||| 00| 0 eng d
100 _aShah, Ajay
245 _aBuilding a new pension system
260 _c2000
300 _ap.11
362 _a12 Jan
650 _aCivil service
650 _aPensions
773 _aBusiness Standard
909 _a45073
999 _c45073
_d45073